Language Quiz

Random Language or French Quiz
Score 0/16 Timer 05:00
0 Plays Today
Pronom Avoir/Être % Correct
Tu (être)es
94.3%
Je (avoir)ai
92.3%
Ils (avoir)ont
89.3%
Elles (être)sont
86.3%
Nous (avoir)avons
79.1%
Nous (être)sommes
74%
Je (être)suis
74%
Ils (être)sont
71.9%
Pronom Avoir/Être % Correct
Tu (avoir)as
71.8%
Vous (être)êtes
70.2%
Elles (avoir)ont
69.6%
Vous (avoir)avez
69.4%
Il (être)est
67.9%
Elle (être)est
67.6%
Il (avoir)a
45.7%
Elle (avoir)a
44.5%
Remove Ads.
Support Sporcle.
Get the best of Sporcle when you Go Orange. This ad-free experience offers more features, more stats, and more fun while also helping to support Sporcle. Thank you for becoming a member.

You're not logged in!

Compare scores with friends on all Sporcle quizzes.
OR
Log In

Show Comments

Extras

Created Jun 18, 2010ReportNominate
Tags:French Quiz, Avoir, pronom, tre

Top Quizzes Today


Score Distribution

Your Account Isn't Verified!

In order to create a playlist on Sporcle, you need to verify the email address you used during registration. Go to your Sporcle Settings to finish the process.

Report this User

Report this user for behavior that violates our Community Guidelines.

Details: